000 00307nam a22001337a 4500
008 210322b ||||| |||| 00| 0 eng d
041 _aeng
080 _22nd
_a615
082 _a615
100 _a5
101 _aFAR
245 _aIntegrated Cardiopulmonary Pharmacology
_cColbert, B. J
942 _2udc
_cBK
999 _c56661
_d56661